03021nam a2200337 a 4500001001200000003000800012006001900020007001500039008004100054010001700095020002500112020002200137020002700159040002100186035002100207050002800228082001600256245011100272260004900383300002400432504005100456505174200507533015202249650003502401650002602436655002902462700003202491710001702523856012602540999001702666ebr10683439CaPaEBRm u cr cn|||||||||080206s2008 nyua sb 001 0 eng d z 2008005558 z9781604565003 (hbk.) z1604565004 (hbk.) z9781622572021 (e-book) aCaPaEBRcCaPaEBR a(OCoLC)83930445514aRC451.4.M44bH36 2008eb04a616.9/822200aHandbook of stress and burnout in health careh[electronic resource] /cJonathon R.B. Halbesleben, editor. aNew York :bNova Science Publishers,cc2008. axiv, 243 p. :bill. aIncludes bibliographical references and index.0 aIntroduction : stress, burnout, and health care / Jonathon R. B. Halbesleben -- Work can burn us out or fire us up : conservation of resources in burnout and engagement / Marjan J. Gorgievski-Duijvesteijn and Stevan E. Hobfoll -- The nursing worklife model : the role of burnout in mediating work environment's relationship with job satisfaction / Heather K. Spence Laschinger and Michael P. Leiter -- Burnout in health care : when helping hurts / Denise M. Breaux ... [et al.] -- Burnout syndrome in registered nurses / Jeannie P. Cimiotti, Linda H. Aiken, and Lusine Poghosyan -- The Oldenburg burnout inventory : a good alternative to measure burnout and engagement / Evangelia Demerouti and Arnold B. Bakker -- Cross-cultural issues in stress and burnout / Sharon Glazer -- Stress in entrants to the health care system : nature, measurement, and management / Martyn Jones & Steven Pryjmachuk -- Crossover of burnout among health care professionals / Mina Westman and Arnold B. Bakker -- Work schedules and stress among health professionals / Jeanne Geiger-Brown ... [et al.] -- Physician burnout as predicted by subjective and objective workload and by autonomy / Arie Shirom, Nurit Nirel, and Amiram D. Vinokur -- Burnout and consequences : a review of health professional maltreatment to the patient / Jean-Pierre Neveu -- Stress and patient safety / Achim Elfering and Simone Grebner -- Disconnecting the stress-burnout-turnover relationship among nursing professionals : a synthesis of micro and macro HRM research / Anthony R. Wheeler -- Burnout interventions : an overview and illustration / Pascale M. Le Blanc & Wilmar B. Schaufeli -- Stress and burnout in health care : where do we go from here? / Jonathon R.B. Halbesleben. aElectronic reproduction.bPalo Alto, Calif. :cebrary,d2013.nAvailable via World Wide Web.nAccess may be limited to ebrary affiliated libraries. 0aMedical personnelxJob stress. 0aBurn out (Psychology) 7aElectronic books.2local1 aHalbesleben, Jonathon R. B.2 aebrary, Inc.40uhttp://site.ebrary.com/lib/rucke/Doc?id=10683439zAn electronic book accessible through the World Wide Web; click to view c31843d31843